000 00468nam a2200181Ia 4500
001 19926
005 20260306172728.0
008 260306t2003||||xx |||||||||||||| ||spa||
041 _aESP
082 _a341.4
_bR24
100 _aRanilla Collado, Alejandro
_eAUT
245 0 _aTeoría de la argumentación jurídica y resoluciones judiciales
260 _c2003
300 _a329 páginas :
_c20 cm.
650 _aGEN
654 _aCDE
942 _cLIB
_dJUS
_fJUS
_2ddc
_n
999 _c19926
_d19926